| 000 | 00484nam a22001937a 4500 | ||
|---|---|---|---|
| 003 | MPLRDC | ||
| 005 | 20220104143647.0 | ||
| 008 | 210129b ||||| |||| 00| 0 eng d | ||
| 020 | _a7-80616-518-5 | ||
| 082 | _a494 XLH | ||
| 100 | _a熊札汇、杜福禄 编著 | ||
| 245 |
_a孔子与现代管理 _c |
||
| 250 | _a一版一刷 | ||
| 260 |
_a _b学林出版社 _c1999 |
||
| 300 | _b平 | ||
| 490 | _a经营管理智慧丛书 | ||
| 650 | _a企业管理 | ||
| 942 |
_cBK _o494 XLH |
||
| 999 |
_c42089 _d42079 |
||